Geography Series #18 - Statistics

General Stats
  • This quiz has been taken 46 times
  • The average score is 7 of 12
Answer Stats
Countries on the Equator % Correct
Brazil
91%
Ecuador
81%
Indonesia
74%
Republic of the Congo
74%
Colombia
72%
Kenya
70%
Uganda
60%
Gabon
47%
Maldives
42%
São Tomé and Principe
37%
Somalia
35%
Kiribati
30%
No matching quizzes found
Score Distribution
Percent of People with Each Score
Percentile by Number Answered
Your Score History
You have not taken this quiz